[Event "Buenos Aires PRENAJ"]
[Site "Buenos Aires"]
[Date "1994.??.??"]
[Round "5"]
[White "Celis, Gustavo"]
[Black "Restifa, Hector"]
[Result "0-1"]
[WhiteElo "2345"]
[BlackElo "2310"]
[PlyCount "63"]
[EventDate "1994.??.??"]
[EventType "swiss"]
[EventRounds "11"]
[EventCountry "ARG"]
[SourceTitle "EXT 1997"]
[Source "ChessBase"]
[SourceDate "1996.11.15"]
[SourceVersion "1"]
[SourceVersionDate "1996.11.15"]
[SourceQuality "1"]

1. e4 c5 2. Nf3 a6 3. c4 Nc6 4. Nc3 Nd4 5. Bd3 g6 6. 0-0 Bg7 7. Rb1 d6 8. Nxd4 cxd4 9. Ne2 e6 10. b4 Ne7 11. Bb2 Nc6 12. Qb3 0-0 13. b5 axb5 14. cxb5 Na5 15. Qb4 e5 16. f4 b6 17. fxe5 dxe5 18. Ba3 Be6 19. Rbc1 Re8 20. Qb2 Qd7 21. Ng3 Rac8 22. Rxc8 Rxc8 23. Qb1 Nb7 24. Nf5 Bf8 25. Bxf8 Rxf8 26. Qe1 Nc5 27. Qh4 Bxf5 28. exf5 Nxd3 29. f6 Kh8 30. Qh6 Rg8 31. Rf3 Nf4 32. Ra3 0-1

[Event "Buenos Aires PRENAJ"]
[Site "Buenos Aires"]
[Date "1994.??.??"]
[Round "3"]
[White "Needleman, Alejandro"]
[Black "Restifa, Hector"]
[Result "1-0"]
[WhiteElo "2355"]
[BlackElo "2310"]
[PlyCount "111"]
[EventDate "1994.??.??"]
[EventType "swiss"]
[EventRounds "11"]
[EventCountry "ARG"]
[SourceTitle "EXT 1997"]
[Source "ChessBase"]
[SourceDate "1996.11.15"]
[SourceVersion "1"]
[SourceVersionDate "1996.11.15"]
[SourceQuality "1"]

1. e4 c5 2. Nf3 a6 3. g3 Nf6 4. e5 Nd5 5. Bg2 e6 6. 0-0 Nc6 7. d3 Be7 8. Nbd2 0-0 9. a4 Rb8 10. Ne4 f6 11. c4 Ndb4 12. exf6 gxf6 13. Be3 d6 14. d4 cxd4 15. Nxd4 f5 16. Nc3 e5 17. Nde2 Be6 18. Nd5 b5 19. cxb5 axb5 20. a5 e4 21. Nef4 Bf7 22. g4 Bg5 23. gxf5 Nxd5 24. Nxd5 Bxe3 25. fxe3 Re8 26. Rf4 Re5 27. Bxe4 Kh8 28. Bg2 Nxa5 29. Nb4 Qb6 30. Qd4 Nb3 31. Qxb6 Rxb6 32. Ra7 Kg8 33. f6 h5 34. Ra8+ Re8 35. Rxe8+ Bxe8 36. Bd5+ Bf7 37. Rf5 Nd2 38. Rxh5 Nc4 39. Rg5+ Kf8 40. Rg7 Ne5 41. Bxf7 Nxf7 42. Kg2 Rb8 43. h4 Rc8 44. Kg3 Rc5 45. Rg4 Ne5 46. Rd4 Nc4 47. Nd3 Rf5 48. b3 Nxe3 49. Rxd6 Nd5 50. Nc5 Nc3 51. Nd7+ Ke8 52. Kg4 Rf1 53. Ne5 b4 54. Re6+ Kf8 55. Rc6 Kg8 56. Rc8+ 1-0

[Event "Buenos Aires PRENAJ"]
[Site "Buenos Aires"]
[Date "1994.??.??"]
[Round "4"]
[White "Restifa, Hector"]
[Black "Rodriguez, Jorge Luis"]
[Result "1-0"]
[WhiteElo "2310"]
[BlackElo "2390"]
[PlyCount "83"]
[EventDate "1994.??.??"]
[EventType "swiss"]
[EventRounds "11"]
[EventCountry "ARG"]
[SourceTitle "EXT 1997"]
[Source "ChessBase"]
[SourceDate "1996.11.15"]
[SourceVersion "1"]
[SourceVersionDate "1996.11.15"]
[SourceQuality "1"]

1. d4 Nf6 2. c4 e6 3. Nc3 Bb4 4. e3 b6 5. Nge2 Bb7 6. a3 Be7 7. Ng3 d5 8. cxd5 exd5 9. b4 g6 10. Rb1 Nbd7 11. Bd3 0-0 12. 0-0 Re8 13. f4 a5 14. f5 axb4 15. axb4 Bf8 16. fxg6 fxg6 17. Qf3 Bg7 18. Bc4 Nf8 19. Bb3 Ne6 20. b5 Qd6 21. Bd2 Rf8 22. Qe2 h5 23. Bc2 Ng4 24. Qd3 Rxf1+ 25. Nxf1 Nf8 26. Ne2 Qf6 27. Nf4 g5 28. Nh3 Re8 29. Ng3 h4 30. Nf5 Bh8 31. Rf1 Bc8 32. Nxh4 Qd6 33. Nf3 Nxe3 34. Bxe3 g4 35. Nfg5 gxh3 36. Qh7+ Nxh7 37. Bxh7+ Kg7 38. Rf7+ Kh6 39. Ne6+ Kh5 40. Rf5+ Kh4 41. Bf2+ Kg4 42. Rg5# 1-0

[Event "Buenos Aires Najdorf op"]
[Site "Buenos Aires"]
[Date "1993.??.??"]
[Round "9"]
[White "Mendez, Ernesto"]
[Black "Restifa, Hector"]
[Result "1-0"]
[WhiteElo "2385"]
[BlackElo "2315"]
[PlyCount "123"]
[EventDate "1993.04.??"]
[EventType "swiss"]
[EventRounds "11"]
[EventCountry "ARG"]
[SourceTitle "TD"]
[Source "ChessBase"]
[SourceDate "1994.03.01"]
[SourceVersion "1"]
[SourceVersionDate "1994.03.01"]
[SourceQuality "1"]

1. Nf3 c5 2. c4 Nf6 3. g3 b6 4. Bg2 Bb7 5. 0-0 e6 6. Nc3 Be7 7. Re1 d6 8. d4 cxd4 9. Nxd4 Bxg2 10. Kxg2 a6 11. b3 Qc7 12. Bb2 Nbd7 13. e4 Qb7 14. f4 0-0 15. Qf3 g6 16. Rad1 Rfc8 17. e5 Qxf3+ 18. Nxf3 Ne8 19. Ne4 d5 20. cxd5 Rc2+ 21. Rd2 Rxd2+ 22. Nexd2 exd5 23. e6 fxe6 24. Rxe6 Kf7 25. Rc6 Ra7 26. Ne5+ Nxe5 27. Bxe5 Bc5 28. Nf3 Ke7 29. Bd4 Bxd4 30. Nxd4 Rb7 31. h4 Nd6 32. Nf3 Nf5 33. Kf2 Kd7 34. Ne5+ Ke7 35. Rc1 Nd6 36. Rc6 Nb5 37. Ke3 Na7 38. Rc2 Kd6 39. g4 Re7 40. a4 b5 41. a5 b4 42. g5 Rb7 43. h5 gxh5 44. Rh2 Nc6 45. Nxc6 Kxc6 46. Rxh5 Kc5 47. f5 Re7+ 48. Kd3 Rf7 49. f6 Rc7 50. Rxh7 Rxh7 51. g6 Rh3+ 52. Ke2 Rh2+ 53. Kf3 Rh1 54. g7 Rf1+ 55. Ke3 Rxf6 56. g8Q Rc6 57. Qf7 Kb5 58. Qb7+ Kc5 59. Kd3 d4 60. Qb8 Rd6 61. Qf8 Kb5 62. Qxd6 1-0

[Event "Buenos Aires Najdorf op"]
[Site "Buenos Aires"]
[Date "1993.??.??"]
[Round "8"]
[White "Restifa, Hector"]
[Black "Minzer, Claudio Javier"]
[Result "1/2-1/2"]
[WhiteElo "2315"]
[BlackElo "2370"]
[PlyCount "146"]
[EventDate "1993.04.??"]
[EventType "swiss"]
[EventRounds "11"]
[EventCountry "ARG"]
[SourceTitle "TD"]
[Source "ChessBase"]
[SourceDate "1994.03.01"]
[SourceVersion "1"]
[SourceVersionDate "1994.03.01"]
[SourceQuality "1"]

1. d4 e6 2. Nf3 d5 3. c4 Nf6 4. Nc3 Bb4 5. Qa4+ Nc6 6. Ne5 Bd7 7. Nxc6 Bxc3+ 8. bxc3 Bxc6 9. Qb3 0-0 10. cxd5 exd5 11. Bg5 Qd6 12. e3 Rfe8 13. Be2 Ne4 14. Bf4 Qd7 15. a4 a6 16. Ra2 b5 17. a5 Bb7 18. Bd3 Rac8 19. f3 Nf6 20. g4 c5 21. Bf5 Qc6 22. Bxc8 Rxc8 23. 0-0 Re8 24. h4 Bc8 25. h5 Nd7 26. Qb2 Nf8 27. Qh2 Ne6 28. Be5 Ng5 29. dxc5 d4 30. e4 dxc3 31. Bd6 b4 32. Qc2 Be6 33. Qa4 Qc8 34. Rg2 Bc4 35. Rff2 Nh3+ 36. Kh2 Nxf2 37. Rxf2 Bd3 38. Qxb4 c2 39. Qc3 Qc6 40. Bf4 Rd8 41. Rd2 Qf6 42. Rxd3 Qxf4+ 43. Kg2 Rxd3 44. Qxd3 g6 45. h6 f5 46. Qc4+ Kf8 47. Qxc2 fxg4 48. Qe2 Qg5 49. fxg4 Ke7 50. e5 Qxh6 51. c6 Qc1 52. Qe4 Qd2+ 53. Kf3 Qc3+ 54. Kf4 Qc1+ 55. Kg3 Qg1+ 56. Kh3 Qf1+ 57. Qg2 Qd3+ 58. Kh4 Qc3 59. Qe4 Qxa5 60. Qf4 Ke8 61. Kg5 Qc5 62. Qe4 Qc1+ 63. Kf6 Qf1+ 64. Ke6 Qf7+ 65. Kd6 Qe7+ 66. Kd5 Qd8+ 67. Kc4 Qa5 68. Qd5 Qa4+ 69. Kc5 Qa5+ 70. Kd4 Qd2+ 71. Kc5 Qa5+ 72. Kc4 Qa2+ 73. Kc5 Qa5+ 1/2-1/2

[Event "Buenos Aires Najdorf op"]
[Site "Buenos Aires"]
[Date "1993.??.??"]
[Round "5"]
[White "Restifa, Hector"]
[Black "Roca, Alfredo Cristian"]
[Result "0-1"]
[WhiteElo "2315"]
[BlackElo "2385"]
[PlyCount "82"]
[EventDate "1993.04.??"]
[EventType "swiss"]
[EventRounds "11"]
[EventCountry "ARG"]
[SourceTitle "TD"]
[Source "ChessBase"]
[SourceDate "1994.03.01"]
[SourceVersion "1"]
[SourceVersionDate "1994.03.01"]
[SourceQuality "1"]

1. d4 Nf6 2. c4 g6 3. Nc3 Bg7 4. e4 d6 5. Nf3 0-0 6. Be2 e5 7. Be3 c6 8. d5 c5 9. Nd2 Ne8 10. g4 Bf6 11. Nf1 Bg5 12. Qd2 Bxe3 13. Nxe3 Qh4 14. 0-0-0 Na6 15. f4 exf4 16. Ng2 Qe7 17. Qxf4 Nb8 18. h4 Nd7 19. Ne3 Ne5 20. g5 f6 21. gxf6 Qxf6 22. Qxf6 Nxf6 23. Rdg1 Bd7 24. h5 Kf7 25. Rh2 Rg8 26. Rf2 Ke7 27. Rfg2 a6 28. a3 gxh5 29. Rxg8 Rxg8 30. Rxg8 Nxg8 31. Bxh5 Kf6 32. Kd2 Kg5 33. Be2 Kf4 34. b4 Nf6 35. bxc5 dxc5 36. Ng2+ Kg3 37. Ne1 h5 38. Bxh5 Nxh5 39. Ne2+ Kg4 40. Nd3 Nxd3 41. Kxd3 Nf4+ 0-1

[Event "Buenos Aires FMDA op-A"]
[Site "Buenos Aires"]
[Date "1992.??.??"]
[Round "5"]
[White "Belfiore, Daniel"]
[Black "Restifa, Hector"]
[Result "0-1"]
[WhiteElo "2210"]
[BlackElo "2320"]
[PlyCount "69"]
[EventDate "1992.??.??"]
[EventType "swiss"]
[EventRounds "11"]
[EventCountry "ARG"]
[SourceTitle "EXT 2003"]
[Source "ChessBase"]
[SourceDate "2002.11.25"]
[SourceVersion "1"]
[SourceVersionDate "2002.11.25"]
[SourceQuality "1"]

1. d4 Nf6 2. e3 c5 3. Nf3 e6 4. Bd3 Nc6 5. 0-0 d5 6. b3 Be7 7. Bb2 cxd4 8. exd4 0-0 9. a3 b6 10. Nbd2 a5 11. Ne5 Nxe5 12. dxe5 Nd7 13. Qh5 g6 14. Qh3 Nc5 15. Nf3 Nxd3 16. cxd3 Ba6 17. Nd4 Rc8 18. f4 Bc5 19. Kh1 Qe7 20. Rf3 Rfe8 21. f5 Bxd4 22. f6 Bxb2 23. fxe7 Bxa1 24. Qh6 Rxe7 25. Rh3 Bxe5 26. Qxh7+ Kf8 27. Kg1 Bd4+ 28. Kf1 Rc1+ 29. Ke2 Rc2+ 30. Kf3 Bxd3 31. Qh6+ Ke8 32. g4 Be4+ 33. Kf4 Rf2+ 34. Kg3 Rf3+ 35. Kh4 0-1

[Event "Buenos Aires FMDA op-A"]
[Site "Buenos Aires"]
[Date "1992.??.??"]
[Round "10"]
[White "Justo, Damian"]
[Black "Restifa, Hector"]
[Result "1/2-1/2"]
[WhiteElo "2265"]
[BlackElo "2320"]
[PlyCount "98"]
[EventDate "1992.??.??"]
[EventType "swiss"]
[EventRounds "11"]
[EventCountry "ARG"]
[SourceTitle "EXT 2003"]
[Source "ChessBase"]
[SourceDate "2002.11.25"]
[SourceVersion "1"]
[SourceVersionDate "2002.11.25"]
[SourceQuality "1"]

1. d4 Nf6 2. c4 c5 3. e3 g6 4. Nc3 Bg7 5. dxc5 Qa5 6. Bd2 Qxc5 7. b4 Qc7 8. Rc1 d6 9. Nf3 0-0 10. Be2 e6 11. 0-0 Rd8 12. Qb3 b6 13. Rfd1 Bb7 14. Nd4 a6 15. Na4 Nbd7 16. Bf3 e5 17. c5 exd4 18. Bxb7 Qxb7 19. c6 Qa7 20. cxd7 b5 21. Nb2 Nxd7 22. e4 Qb7 23. f3 Nb6 24. Bf4 Be5 25. Nd3 Nc4 26. Bg5 Re8 27. Re1 Bg7 28. Bf4 Re6 29. Bg3 Bh6 30. Nf4 Bxf4 31. Bxf4 d5 32. e5 Rae8 33. Bg3 Nxe5 34. Red1 Nc4 35. Bf2 Re2 36. Bxd4 Qe7 37. Bf2 Qg5 38. Bg3 h5 39. f4 Qf5 40. Qf3 Nd2 41. Qc3 Qe4 42. Bf2 Qxf4 43. Qd4 Qg5 44. Qd3 Qf4 45. Qd4 Ne4 46. Bg3 Qf5 47. Rf1 Qg5 48. Rc7 Nxg3 49. Qg7+ Kxg7 1/2-1/2

[Event "Buenos Aires FMDA op-A"]
[Site "Buenos Aires"]
[Date "1992.??.??"]
[Round "2"]
[White "Restifa, Hector"]
[Black "Adla, Diego Gustavo"]
[Result "0-1"]
[WhiteElo "2320"]
[BlackElo "2435"]
[PlyCount "22"]
[EventDate "1992.??.??"]
[EventType "swiss"]
[EventRounds "11"]
[EventCountry "ARG"]
[SourceTitle "EXT 2003"]
[Source "ChessBase"]
[SourceDate "2002.11.25"]
[SourceVersion "1"]
[SourceVersionDate "2002.11.25"]
[SourceQuality "1"]

1. d4 Nf6 2. c4 e6 3. Nc3 Bb4 4. e3 b6 5. Bd3 Bb7 6. Nge2 Bxg2 7. Rg1 Be4 8. Bxe4 Nxe4 9. Rxg7 Nxf2 10. Qc2 Qh4 11. Rg2 Nd3+ 0-1

[Event "Buenos Aires FMDA op-A"]
[Site "Buenos Aires"]
[Date "1992.??.??"]
[Round "6"]
[White "Restifa, Hector"]
[Black "Anelli, Antonio"]
[Result "1/2-1/2"]
[WhiteElo "2320"]
[BlackElo "2300"]
[PlyCount "99"]
[EventDate "1992.??.??"]
[EventType "swiss"]
[EventRounds "11"]
[EventCountry "ARG"]
[SourceTitle "EXT 2003"]
[Source "ChessBase"]
[SourceDate "2002.11.25"]
[SourceVersion "1"]
[SourceVersionDate "2002.11.25"]
[SourceQuality "1"]

1. d4 Nf6 2. c4 e6 3. Nc3 Bb4 4. e3 c5 5. Nge2 b6 6. a3 Ba5 7. f3 0-0 8. Kf2 Bxc3 9. Nxc3 d5 10. b4 cxd4 11. Qxd4 Nc6 12. Qd1 Ne5 13. cxd5 exd5 14. Bb2 Re8 15. Qd4 Bb7 16. Bb5 Re6 17. Ne2 a6 18. Nf4 Re7 19. Be2 b5 20. Rhd1 Re8 21. Rac1 Qb8 22. Qb6 Ned7 23. Qc7 Rc8 24. Qxb8 Raxb8 25. Bd3 Rxc1 26. Rxc1 Rc8 27. Rxc8+ Bxc8 28. Bb1 Kf8 29. Ba2 Bb7 30. Bd4 Ke7 31. h4 Kd6 32. Nd3 g6 33. g4 Ne8 34. Nc5 Nxc5 35. Bxc5+ Kd7 36. Kg3 Nc7 37. Kf4 f6 38. Kg3 Ne6 39. Ba7 Kd6 40. f4 h6 41. Bb1 g5 42. hxg5 hxg5 43. fxg5 fxg5 44. Bf5 Ke5 45. Bb8+ Kf6 46. Kf2 Ng7 47. Bd3 Ne8 48. Be2 Ke6 49. Bf3 Nd6 50. Bxd6 1/2-1/2

[Event "Buenos Aires FMDA op-A"]
[Site "Buenos Aires"]
[Date "1992.??.??"]
[Round "8"]
[White "Restifa, Hector"]
[Black "Cid, Marino Alejandro"]
[Result "0-1"]
[WhiteElo "2320"]
[BlackElo "2425"]
[PlyCount "78"]
[EventDate "1992.??.??"]
[EventType "swiss"]
[EventRounds "11"]
[EventCountry "ARG"]
[SourceTitle "EXT 1999"]
[Source "ChessBase"]
[SourceDate "1998.11.16"]
[SourceVersion "1"]
[SourceVersionDate "1998.11.16"]
[SourceQuality "1"]

1. d4 Nf6 2. c4 e6 3. Nc3 Bb4 4. e3 b6 5. Nge2 Ba6 6. a3 Be7 7. Nf4 Bb7 8. d5 0-0 9. Be2 e5 10. Nh3 d6 11. e4 Bc8 12. 0-0 a5 13. b3 Na6 14. Ng5 Nc5 15. Qc2 Ne8 16. Nf3 f5 17. Nd2 f4 18. Rb1 Nf6 19. b4 Ncd7 20. Qd1 g5 21. h3 Rf7 22. Nf3 Rg7 23. Nh2 h5 24. Bxh5 Nxh5 25. Qxh5 Nf6 26. Qe2 g4 27. Kh1 gxh3 28. gxh3 Bxh3 29. Rg1 Rxg1+ 30. Kxg1 Kf7 31. Kh1 Qg8 32. Qf3 Qh7 33. Bd2 axb4 34. axb4 Rh8 35. Kg1 Rg8+ 36. Kh1 Ng4 37. Bxf4 exf4 38. Qxf4+ Bf6 39. Nf3 Nxf2+ 0-1

[Event "Buenos Aires FMDA op-A"]
[Site "Buenos Aires"]
[Date "1992.??.??"]
[Round "11"]
[White "Restifa, Hector"]
[Black "Ibanez, Fernando"]
[Result "1-0"]
[WhiteElo "2320"]
[BlackElo "2225"]
[PlyCount "127"]
[EventDate "1992.??.??"]
[EventType "swiss"]
[EventRounds "11"]
[EventCountry "ARG"]
[SourceTitle "EXT 2003"]
[Source "ChessBase"]
[SourceDate "2002.11.25"]
[SourceVersion "1"]
[SourceVersionDate "2002.11.25"]
[SourceQuality "1"]

1. d4 Nf6 2. c4 c5 3. d5 b5 4. cxb5 a6 5. b6 d6 6. Nc3 Qxb6 7. e4 g6 8. Nf3 Nbd7 9. h3 Bg7 10. Bc4 Qb4 11. Nd2 Bh6 12. Bd3 Ne5 13. Bc2 0-0 14. 0-0 Nh5 15. a3 Qb7 16. Rb1 Nf4 17. Nf3 f6 18. Ba4 Rb8 19. Kh2 Ned3 20. Be3 g5 21. b3 Ne5 22. Ng1 Bd7 23. Bxd7 Qxd7 24. g3 Nfg6 25. f4 gxf4 26. gxf4 Nf7 27. Qd3 Qe8 28. Nce2 Qb5 29. Qc2 Bg7 30. Nf3 Rfc8 31. Rg1 Kh8 32. h4 Rg8 33. h5 Nf8 34. Ng3 Nh6 35. Ne2 Nd7 36. Nc3 Qa5 37. Qd2 Qd8 38. Qd1 Qe8 39. Nh4 Nf8 40. f5 Nd7 41. Rxg7 Kxg7 42. Qe2 Qf8 43. Rg1+ Kf7 44. Ng6 hxg6 45. fxg6+ Ke8 46. Qxa6 Rh8 47. Nb5 Ne5 48. Nc7+ Kd7 49. Ne6 Nhg4+ 50. Rxg4 Nxg4+ 51. Kg3 Rxb3 52. Kxg4 Qa8 53. Nxc5+ dxc5 54. Qe6+ Kc7 55. Bf4+ Kb7 56. Qc6+ Ka7 57. Qa4+ Kb7 58. Qxb3+ Kc8 59. d6 Re8 60. Qe6+ Kb7 61. dxe7 Qa4 62. Qd5+ Ka6 63. Kf5 Rxe7 64. Qd6+ 1-0

[Event "Buenos Aires Inauguracio op"]
[Site "Buenos Aires"]
[Date "1992.??.??"]
[Round "?"]
[White "Restifa, Hector"]
[Black "Ricardi, Pablo"]
[Result "0-1"]
[WhiteElo "2320"]
[BlackElo "2465"]
[PlyCount "62"]
[EventDate "1992.05.??"]
[EventType "swiss"]
[EventRounds "7"]
[EventCountry "ARG"]
[SourceTitle "EXT 1997"]
[Source "ChessBase"]
[SourceDate "1996.11.15"]
[SourceVersion "1"]
[SourceVersionDate "1996.11.15"]
[SourceQuality "1"]

1. d4 Nf6 2. c4 e6 3. Nc3 Bb4 4. Qc2 b6 5. Bg5 Bb7 6. a3 h6 7. Bh4 Be7 8. e4 c5 9. dxc5 bxc5 10. Nf3 d6 11. Be2 0-0 12. 0-0 Nc6 13. Rfd1 Ng4 14. Bg3 Qb8 15. Rab1 Nge5 16. Nxe5 dxe5 17. b4 cxb4 18. axb4 Nxb4 19. Qb3 a5 20. f3 Bc6 21. Nb5 Bc5+ 22. Kh1 f6 23. Ra1 Rd8 24. h4 Qb6 25. Kh2 Kh8 26. Kh3 Rxd1 27. Qxd1 Bf2 28. Bxf2 Qxf2 29. Rxa5 Rxa5 30. Qd8+ Kh7 31. Qxa5 Nc2 0-1

[Event "Buenos Aires GP"]
[Site "Buenos Aires"]
[Date "1990.??.??"]
[Round "?"]
[White "Ricardi, Pablo"]
[Black "Restifa, Hector"]
[Result "1/2-1/2"]
[WhiteElo "2380"]
[BlackElo "2315"]
[PlyCount "115"]
[EventDate "1990.??.??"]
[EventType "swiss"]
[EventRounds "9"]
[EventCountry "ARG"]
[SourceTitle "EXT 2004"]
[Source "ChessBase"]
[SourceDate "2003.11.25"]
[SourceVersion "1"]
[SourceVersionDate "2003.11.25"]
[SourceQuality "1"]

1. e4 c5 2. Nf3 a6 3. d4 cxd4 4. Nxd4 Nf6 5. Nc3 e5 6. Nf3 Qc7 7. Be2 Bb4 8. 0-0 Bxc3 9. bxc3 0-0 10. Ba3 Re8 11. c4 Qa5 12. Qd3 d5 13. cxd5 Nxe4 14. Qxe4 Qxa3 15. Ng5 f5 16. Qh4 h6 17. Qh5 Qf8 18. Nf3 Nd7 19. Rad1 Nf6 20. Qg6 Qf7 21. Qxf7+ Kxf7 22. d6 Nd7 23. Nh4 Kf6 24. Bh5 Rd8 25. f4 e4 26. Ng6 b6 27. Ne7 Bb7 28. Bg6 Rac8 29. Bxf5 Rxc2 30. Rf2 Rc5 31. Bg4 Kf7 32. Rb2 b5 33. a4 Nb6 34. axb5 Nc4 35. Rc2 axb5 36. h4 h5 37. Be2 Ke6 38. f5+ Ke5 39. Bxh5 e3 40. Be2 Be4 41. Rc3 Bxf5 42. Bxc4 bxc4 43. Rxe3+ Kf6 44. Rf3 c3 45. Nxf5 Rxf5 46. Rxc3 Rd7 47. Kh2 Re5 48. Rc8 Re6 49. Rc6 Re4 50. Kh3 Ke6 51. Rd3 Re5 52. g4 Rd5 53. Rxd5 Kxd5 54. Rc7 Kxd6 55. Rxd7+ Kxd7 56. Kg3 Ke6 57. Kf4 Kf6 58. g5+ 1/2-1/2

[Event "Mar del Plata op"]
[Site "Mar del Plata"]
[Date "1988.??.??"]
[Round "4"]
[White "Bronstein, Luis Marcos"]
[Black "Restifa, Hector"]
[Result "1-0"]
[WhiteElo "2405"]
[BlackElo "2260"]
[PlyCount "65"]
[EventDate "1988.??.??"]
[EventType "swiss"]
[EventRounds "9"]
[EventCountry "ARG"]
[SourceTitle "EXT 2003"]
[Source "ChessBase"]
[SourceDate "2002.11.25"]
[SourceVersion "1"]
[SourceVersionDate "2002.11.25"]
[SourceQuality "1"]

1. e4 c5 2. Nf3 g6 3. c3 Bg7 4. d4 Qc7 5. Bc4 e6 6. Na3 a6 7. dxc5 Qxc5 8. Bf4 Ne7 9. Bd6 Qa5 10. 0-0 Nbc6 11. Nd4 Be5 12. Nxc6 Nxc6 13. f4 Bxd6 14. Qxd6 b6 15. Bd5 exd5 16. exd5 Qc5+ 17. Qxc5 bxc5 18. Rfe1+ Kd8 19. dxc6 d5 20. Rad1 Be6 21. c4 d4 22. Re5 Kc7 23. Rxc5 Rhd8 24. Nc2 d3 25. Ne3 Rd4 26. Rd2 Kd6 27. Ra5 Kxc6 28. Ra3 Bxc4 29. Nxc4 Rxc4 30. g3 Rd8 31. Rxa6+ Kc5 32. Ra3 Rc2 33. Rxc2+ 1-0

[Event "ARG-ch sf"]
[Site "Buenos Aires"]
[Date "1987.??.??"]
[Round "8"]
[White "Malbran, Guillermo"]
[Black "Restifa, Hector"]
[Result "0-1"]
[WhiteElo "2285"]
[BlackElo "2260"]
[PlyCount "24"]
[EventDate "1987.??.??"]
[EventType "tourn"]
[EventRounds "8"]
[EventCountry "ARG"]
[EventCategory "3"]
[SourceTitle "EXT 2002"]
[Source "ChessBase"]
[SourceDate "2001.11.25"]
[SourceVersion "1"]
[SourceVersionDate "2001.11.25"]
[SourceQuality "1"]

1. e4 c5 2. Nf3 d6 3. Bb5+ Bd7 4. a4 Nc6 5. 0-0 e6 6. Re1 Nge7 7. c3 Ng6 8. d4 cxd4 9. cxd4 Be7 10. d5 exd5 11. exd5 Nb4 12. Qb3 a5 0-1

[Event "Buenos Aires BCA"]
[Site "Buenos Aires"]
[Date "1987.??.??"]
[Round "2"]
[White "Restifa, Hector"]
[Black "Panno, Oscar"]
[Result "0-1"]
[WhiteElo "2260"]
[BlackElo "2520"]
[PlyCount "68"]
[EventDate "1987.??.??"]
[EventType "team"]
[EventRounds "9"]
[EventCountry "ARG"]
[SourceTitle "EXT 2000"]
[Source "ChessBase"]
[SourceDate "1999.11.16"]
[SourceVersion "1"]
[SourceVersionDate "1999.11.16"]
[SourceQuality "1"]

1. d4 Nf6 2. c4 e6 3. Nc3 Bb4 4. e3 d5 5. Qa4+ Nc6 6. Nf3 0-0 7. Bd2 a6 8. Rc1 dxc4 9. Bxc4 Bd6 10. Be2 Bd7 11. e4 e5 12. dxe5 Nxe5 13. Qc2 Re8 14. 0-0 Nxf3+ 15. Bxf3 Bg4 16. Bxg4 Nxg4 17. g3 c6 18. Kg2 Bc5 19. Rce1 Qd7 20. Na4 Ba7 21. Ba5 Qe6 22. b3 h5 23. h4 Qg6 24. Bb6 Bxb6 25. Nxb6 Rad8 26. f3 Nf6 27. Rd1 Nd5 28. Qf2 Nc3 29. Rd7 Rxd7 30. Nxd7 Qd6 31. Nc5 Nd1 32. Nxb7 Qd3 33. Rxd1 Qxd1 34. Na5 Rd8 0-1